Jusqu'où irez vous ? #14 (Culture Générale) - Statistiques

Statistiques générales
  • Ce quiz a été pris 231 fois
  • Le résultat moyen est 8 sur 40
Statistiques - réponses
Hint Réponse % Correct
Compléter le titre du film d'espionnage américano-britannique réalisé par Sam Mendes, sorti en 2015 : 00? Spectre 7
100%
Au volley-ball, le nombre de joueurs d'une équipe sur le terrain 6
90%
Commune française située dans le département de la Haute-Marne en région Grand Est : Colombey les ? Églises 2
76%
Le nombre de branches d'une étoile de David 6
67%
Le Seigneur des anneaux : Le Retour du roi est le ?e volet de la série de films Le Seigneur des anneaux au Cinéma 3
62%
Film américano-britannique réalisé par Justin Chadwick, sorti en 2008 avec Natalie Portman,Scarlett Johansson et Eric Bana : ? Sœurs pour un roi 2
46%
Fin de la guerre en Europe : les représentants de l’Allemagne signèrent l’acte de capitulation à Berlin devant leurs homologues français, américains, britanniques et soviétiques le ? Mai 1945 8
41%
Bressuire, Parthenay = ?-Sèvres 2
40%
Sex en alsacien, islandais et suédois 6
32%
Série télévisée américaine en 243 épisodes de 42 minutes avec ce casting : ? à la maison Stephen Collins Catherine Hicks Barry Watson David Gallagher Jessica Biel Beverley Mitchell Mackenzie Rosman 7
29%
Indiana Jones et le Royaume du crâne de cristal est le ?e volet de la saga de la série des Indiana Jones mettant en vedette l'acteur Harrison Ford. 4
21%
Série de romans d'aventures pour enfants et jeunes adolescents écrite par Enid Blyton et publiée en Angleterre de 1942 à 1963 : Le Club des ? 5
21%
Fromage français très ancien fabriqué dans le pays de Bray en Haute-Normandie : ?châtel 9
20%
Film français réalisé par Gérard Pirès et sorti en 2004 avec Eric et Ramzy : Double ? 0
15%
Film américano-allemand réalisé par Curtis Hanson et sorti en 2002 avec Eminem en vedette : ? Mile 8
15%
Premier entier naturel non nul 1
13%
Ville située au Québec (Canada), à l'embouchure de la rivière Saint-Maurice (139 163 habitants en 2021) = ?-Rivières 3
13%
Premier nombre entier naturel, dans l'ordre usuel 0
9%
Un des fournisseurs d'accès à Internet français créé le 15 décembre 1997 par le groupe Bouygues et ayant disparu, lors de sa fusion-acquisition avec SFR, en 2008 : ? ou ? Télécom 9
9%
Complète la suite de Fibonacci = 0 1 1 2 3 5 ? 8
8%
Le seul carré qui suit un nombre premier 4
7%
En France, le nombre d'années de mariage des noces de coton 1
6%
Jeux olympiques d'hiver à Albertville en Savoie = 199? 2
6%
Le numéro atomique de l'hydrogène 1
4%
Fünf en allemand 5
4%
En 199? = - Johnny Hallyday se produit pour ses 50 ans au Parc des Princes les 18, 19 et 20 juin- Défaite à la dernière minute de l'équipe de France de football au Parc des Princes face à la Bulgarie à Paris le 17 novembre 3
3%
Groupe de jazz français. Formé en 1959 par Mimi Perrin, le groupe connait une renommée internationale au début des années 1960, avant sa séparation en 1966 : Les Double ? 6
3%
Septième album de Keen'V sorti le 7 juillet 2017 7
3%
?, titre provisoire de Marieke, album de Jacques Brel sorti en 1961 ; ?, album de JJ Cale sorti en août 1979 ; ?, album de Lenny Kravitz sorti le 12 mai 1998 ; ?, album de Supersilent sorti le 14 mai 2001 ; ?, album de Do As Infinity sorti le 27 septembre 2001 ; ?, album du groupe Megaherz sorti le 6 mai 2004 ; ?, album de Berryz Kōbō sorti le 10 septembre 2008 ; ?, album de Big Mama sorti en mars 2010 ; ?, album de Die Antwoord sorti le 27 juillet 2010 ; ?, album de Lamb sorti le 5 mai 2011 ; ?, compilation de 50 Cent sortie le 6 juillet 2012 ; ?, album d'Alizée sorti le 25 mars 2013 ; ?, album de Paris Combo sorti le 24 février 2014. 5
2%
Rivière de résurgence qui naît près de Campigo, non loin de Castelfranco Veneto. S’écoule sur 105 km à travers la basse province de Trévise, avec un bref passage dans la province de Padoue, entre dans la province de Venise et conflue dans le Dese pratiquement à l’embouchure dans la Lagune de Venise 0
1%
Chanson des Smashing Pumpkins figurant sur l'album Mellon Collie and the Infinite Sadness, sortie en single en 1996 : ? "My reflection, dirty mirror There's no connection to myself I'm your lover, I'm your ? I'm the face in your dreams of glass 0
1%
Le plus souvent utilisé pour représenter la vérité comme donnée booléenne en informatique 1
1%
Les 5 premiers nombres de Fermat sont = ?, 5, 17, 257, 65537 3
1%
Fire en danois 4
1%
?, album de Gabriel Yacoub (1994) ; ?, album de Beyoncé (2011) ; ?, album de Foreigner (1981) ; ?, album de Los Hermanos (2005). 4
1%
Marque de chewing-gum sans sucre par la Wrigley Company qui a pour slogan "L'appel des sens" 5
1%
Nombre premier qui est jumeau avec 5 et cousin avec 11 et 3 7
1%
1000 en système binaire 8
1%
Nombre de types de personnalités représentées sur un ennéagramme 9
1%
Film d'animation américain réalisé par Shane Acker et sorti en 2009 : Numéro ? 9
1%
Aucun quiz correspondant
Distribution des résultats
% des personnes avec chaque résultat
Percentile par nombre de réponses
Votre historique - résultats
Vous n’avez pas pris ce quiz